00334pab a2200133 454500008004000000100001700040245005100057260000900108300001400117362001100131650001600142650001800158773002400176180718b2002 xxu||||| |||| 00| 0 eng d aWent, Robert aGlobalization in the perspective of imperalism c2002 ap.473-97. aWinter aImperialism aGlobalization aScience and Society